[Event "GER-ch U25 op-C"]
[Site "Willingen"]
[Date "2024.05.22"]
[Round "6"]
[White "Moissl, Julian"]
[Black "Christoffers, Julia Anne"]
[Result "0-1"]
[WhiteElo "1560"]
[BlackElo "1531"]
[PlyCount "72"]
[EventDate "2024.05.19"]
[EventType "swiss"]
[EventRounds "9"]
[EventCountry "GER"]
[SourceTitle "EXT 2025"]
[Source "ChessBase"]
[SourceDate "2024.10.14"]
[SourceVersion "1"]
[SourceVersionDate "2024.10.14"]
[SourceQuality "1"]

1. d4 Nf6 2. c4 e6 3. Nf3 d5 4. Bg5 Be7 5. e3 c6 6. Bd3 dxc4 7. Bxc4 b5 8. Bd3 Nbd7 9. Qc2 Bb7 10. Nbd2 0-0 11. Ne5 Qc7 12. Nxd7 Qxd7 13. Bxf6 Bxf6 14. Bxh7+ Kh8 15. Be4 Rac8 16. h4 Qe7 17. h5 Bh4 18. Nf3 Bf6 19. g4 c5 20. Bxb7 Qxb7 21. Qe2 cxd4 22. Rb1 Qe4 23. Qd1 dxe3 24. fxe3 Qxe3+ 25. Qe2 Rc1+ 26. Rxc1 Qxc1+ 27. Qd1 Rc8 28. 0-0 Bxb2 29. Qd7 Qc5+ 30. Kh1 Kg8 31. Nh4 Qc6+ 32. Qxc6 Rxc6 33. Rb1 Bf6 34. Nf3 Rc5 35. Rd1 a5 36. Nd2 Rd5 0-1

[Event "GER-ch U25 op-C"]
[Site "Willingen"]
[Date "2024.05.21"]
[Round "4"]
[White "Moissl, Julian"]
[Black "Luible, Sebastian"]
[Result "0-1"]
[WhiteElo "1560"]
[BlackElo "1181"]
[PlyCount "82"]
[EventDate "2024.05.19"]
[EventType "swiss"]
[EventRounds "9"]
[EventCountry "GER"]
[SourceTitle "EXT 2025"]
[Source "ChessBase"]
[SourceDate "2024.10.14"]
[SourceVersion "1"]
[SourceVersionDate "2024.10.14"]
[SourceQuality "1"]

1. d4 d5 2. c4 e6 3. Nf3 Nf6 4. Bg5 Be7 5. Nc3 0-0 6. e3 Nbd7 7. Bd3 h6 8. Bh4 c5 9. cxd5 Nxd5 10. Bxe7 Qxe7 11. Qc2 Nb4 12. Qd2 cxd4 13. Nxd4 Nxd3+ 14. Qxd3 Qd6 15. 0-0 e5 16. Ncb5 Nc5 17. Qa3 Qb6 18. Nb3 Nxb3 19. Qxb3 Be6 20. Qd3 Rfd8 21. Qe2 Rac8 22. b3 a6 23. Na3 Qc5 24. Nb1 Bd7 25. Qb2 Bb5 26. Re1 f6 27. Nd2 Qc2 28. Qxc2 Rxc2 29. Ne4 Bc6 30. Ng3 Rdd2 31. Nh1 Rxa2 32. Rxa2 Rxa2 33. Rc1 Rb2 34. f3 Rxb3 35. e4 a5 36. Nf2 a4 37. Nd1 a3 38. Nc3 b5 39. Na2 Be8 40. Rc8 Kf8 41. Kf1 Rb2 0-1

[Event "Heusenstamm Sparkassen op-B 9th"]
[Site "Heusenstamm"]
[Date "2023.11.26"]
[Round "7"]
[White "Leichum, Engelbert"]
[Black "Moissl, Julian"]
[Result "1/2-1/2"]
[WhiteElo "1527"]
[BlackElo "1188"]
[PlyCount "50"]
[EventDate "2023.11.23"]
[EventType "swiss"]
[EventRounds "7"]
[EventCountry "GER"]
[SourceTitle "EXT 2025"]
[Source "ChessBase"]
[SourceDate "2024.10.14"]
[SourceVersion "1"]
[SourceVersionDate "2024.10.14"]
[SourceQuality "1"]

1. e4 e5 2. d4 exd4 3. c3 dxc3 4. Bc4 Nf6 5. e5 d5 6. exf6 dxc4 7. Qe2+ Be6 8. fxg7 Bxg7 9. Nxc3 Qd3 10. Bd2 Qxe2+ 11. Ngxe2 Nc6 12. Bg5 Rg8 13. Bh4 Ne5 14. Nf4 Nd3+ 15. Nxd3 cxd3 16. 0-0 Kd7 17. Rfd1 Bf5 18. g4 Bh6 19. h3 d2 20. Bg3 Bc2 21. f4 Bxd1 22. Rxd1 Rad8 23. Bh4 Rde8 24. Rxd2+ Kc8 25. Nd5 Bf8 1/2-1/2

[Event "Heusenstamm Sparkassen op-B 9th"]
[Site "Heusenstamm"]
[Date "2023.11.25"]
[Round "5"]
[White "Maibaum, Harry"]
[Black "Moissl, Julian"]
[Result "0-1"]
[WhiteElo "1450"]
[BlackElo "1188"]
[PlyCount "43"]
[EventDate "2023.11.23"]
[EventType "swiss"]
[EventRounds "7"]
[EventCountry "GER"]
[SourceTitle "EXT 2025"]
[Source "ChessBase"]
[SourceDate "2024.10.14"]
[SourceVersion "1"]
[SourceVersionDate "2024.10.14"]
[SourceQuality "1"]

1. d4 d5 2. Nc3 Nc6 3. Bf4 Bf5 4. a3 e6 5. f3 Nf6 6. g4 Bg6 7. h4 h5 8. g5 Nd7 9. e3 e5 10. Bh2 exd4 11. Nxd5 Bd6 12. Bxd6 cxd6 13. Bd3 Bxd3 14. Qxd3 Qa5+ 15. c3 Qxd5 16. 0-0-0 Nc5 17. Qe2 0-0 18. c4 d3 19. cxd5 dxe2 20. Nxe2 Ne5 21. Rhf1 Rfe8 22. Nf4 0-1

[Event "Heusenstamm Sparkassen op-B 9th"]
[Site "Heusenstamm"]
[Date "2023.11.24"]
[Round "2"]
[White "Manasek, Martin"]
[Black "Moissl, Julian"]
[Result "1/2-1/2"]
[WhiteElo "1500"]
[BlackElo "1188"]
[PlyCount "80"]
[EventDate "2023.11.23"]
[EventType "swiss"]
[EventRounds "7"]
[EventCountry "GER"]
[SourceTitle "EXT 2025"]
[Source "ChessBase"]
[SourceDate "2024.10.14"]
[SourceVersion "1"]
[SourceVersionDate "2024.10.14"]
[SourceQuality "1"]

1. d4 d5 2. Nf3 Nf6 3. g3 Bg4 4. Bg2 e6 5. 0-0 Nbd7 6. Re1 Be7 7. Nbd2 0-0 8. e4 e5 9. exd5 exd4 10. Ne4 Nxe4 11. Rxe4 Bf5 12. Rxd4 Re8 13. Bf4 Bc5 14. Rd2 Nb6 15. b3 Qe7 16. c3 Rad8 17. Ne1 Rd7 18. Nd3 Nxd5 19. Bxd5 Rxd5 20. Nxc5 Rxd2 21. Qxd2 Qxc5 22. Re1 Rxe1+ 23. Qxe1 h6 24. Qe5 Qxe5 25. Bxe5 c6 26. b4 g6 27. a3 Kf8 28. f4 Ke7 29. Kf2 Ke6 30. c4 b5 31. cxb5 cxb5 32. Ke3 Kd5 33. Bd4 a6 34. Bb2 Kc4 35. Kd2 h5 36. h4 Kb3 37. Bc1 Kc4 38. Bb2 Kb3 39. Bc1 Kc4 40. Bb2 Kb3 1/2-1/2

[Event "Heusenstamm Sparkassen op-B 9th"]
[Site "Heusenstamm"]
[Date "2023.11.23"]
[Round "1"]
[White "Moissl, Julian"]
[Black "Fang, Borui"]
[Result "0-1"]
[WhiteElo "1188"]
[BlackElo "1515"]
[PlyCount "58"]
[EventDate "2023.11.23"]
[EventType "swiss"]
[EventRounds "7"]
[EventCountry "GER"]
[SourceTitle "EXT 2025"]
[Source "ChessBase"]
[SourceDate "2024.10.14"]
[SourceVersion "1"]
[SourceVersionDate "2024.10.14"]
[SourceQuality "1"]

1. d4 d5 2. c4 c6 3. Nc3 Nf6 4. Bf4 e6 5. e3 Nbd7 6. Bd3 Be7 7. Nf3 0-0 8. Qc2 dxc4 9. Bxc4 b5 10. Bd3 Bb7 11. 0-0 b4 12. Ne4 Nh5 13. Ng3 Nxf4 14. Bxh7+ Kh8 15. exf4 c5 16. Ne5 Nxe5 17. dxe5 Qe8 18. Bd3 g6 19. Ne4 Qc6 20. Qd2 Rad8 21. Qe3 Rxd3 22. Qxd3 Qxe4 23. Qxe4 Bxe4 24. Rfd1 Bc6 25. Rd3 Bd5 26. b3 Kg7 27. Rad1 Ra8 28. g3 a5 29. Rb1 Be4 0-1

[Event "GER-ch U25-C"]
[Site "Willingen"]
[Date "2023.05.30"]
[Round "4"]
[White "Moissl, Julian"]
[Black "Hendricks, Ole"]
[Result "1-0"]
[WhiteElo "1160"]
[BlackElo "1263"]
[PlyCount "91"]
[EventDate "2023.05.27"]
[EventType "swiss"]
[EventRounds "9"]
[EventCountry "GER"]
[SourceTitle "CBM 214 Extra"]
[Source "ChessBase"]
[SourceDate "2023.07.31"]
[SourceVersion "1"]
[SourceVersionDate "2023.07.31"]
[SourceQuality "1"]

1. d4 d5 2. c4 e6 3. Nc3 Nf6 4. Bg5 Be7 5. e3 Nbd7 6. Nf3 0-0 7. Bd3 c6 8. 0-0 Re8 9. Qc2 Nf8 10. Rfe1 Ng6 11. Rad1 Nd7 12. Bxe7 Rxe7 13. cxd5 exd5 14. Ne2 Ndf8 15. h3 Bd7 16. Ng3 Qc8 17. Bf5 Bxf5 18. Nxf5 Re6 19. Ng3 Qc7 20. Re2 Rae8 21. Rde1 Qe7 22. Nf5 Qd7 23. Ng3 Ne7 24. e4 Nc8 25. Ne5 Qc7 26. exd5 R6e7 27. Nf5 Rxe5 28. Rxe5 Rxe5 29. Rxe5 f6 30. Re4 Qd7 31. Rg4 g6 32. dxc6 Qxc6 33. Qxc6 bxc6 34. Ne3 Kf7 35. d5 cxd5 36. Nxd5 f5 37. Rc4 Nb6 38. Nxb6 axb6 39. Rb4 Nd7 40. Kf1 Ke6 41. Ke2 Kd5 42. Rb5+ Kc4 43. a4 Nc5 44. Rxb6 Nxa4 45. b3+ Kc5 46. bxa4 1-0